000 00864nam a22001937a 4500
999 _c12865
_d12865
003 AR-CdUCM
008 190410b ||||| |||| 00| 0 spa d
040 _aMUNICIPALIDAD PROVINCIAL DEL CUSCO
_cBIBLIOTECA MUNICIPAL DEL CUSCO
082 _a345 /
_bM77
100 _aMontenegro Baca, José
_930959
245 _aLegislación notarial y registral :
_bConcordancias legales /
260 _aTrujillo :
_bBolivariana,
_c1962.
300 _a222 páginas
_c25 cm.
505 _aContenido :Ley del notariado -- Boletas, contratos, escrituras, minutas y testimonios ante notarios -- El código del comercio y los registros mercantil y de buques -- Reglamento general de los registros públicos -- De la rectificación de los asientos del registro ...
650 _aPartes notariales
_930960
650 _aNotarias publicas
_930961
942 _2ddc
_cLIBROS
945 _arum